000 00806nam a2200265Ia 4500
003 OSt
005 20220918164904.0
006 a|||||r|||| 00| 0
007 ta
008 220917b |||||||| |||| 00| 0 eng d
020 _a080583334x (hbk)
024 _a157,519
037 _cTextual
040 _aARTS
_cARTS
_beng
041 _2eng
_aeng
082 _aS:43g, P1-;1
100 _aMowrer Robert R Ed.
_921503
245 0 _aHandbook of contemporary learning theories edited by Robert R.Mowrer and Stephen B. Klein
260 _aLondon
_bLawrence Erlbaum Associates
_c2001
300 _aix;622p.
_ccm.
650 _aPSYCHOLOGY
700 _a Klein Stephen B Ed.
_921504
942 _hS:43g, P1-;1
_cTEXL
_2CC
999 _c127241
_d127241